| 000 | 00545nam a22001817a 4500 | ||
|---|---|---|---|
| 005 | 20251108165956.0 | ||
| 008 | 250721s1999 xx 000 0 ara d | ||
| 082 | 1 | 4 | _aط/218.421/شلب |
| 100 | 1 | _aشلبي، سعد | |
| 245 | 1 | 0 | _aقبلة المسلمين / |
| 264 | 1 |
_aالقاهرة : _bدار الفكر العربي، _c1999. |
|
| 300 | _a30ص | ||
| 490 | 0 | _aأطفالنا في رحاب القرآن الكريم : أيات و قصة ؛7 | |
| 650 | 1 | 7 | _aالقبلة |
| 650 | 1 | 7 | _aالكعبة |
| 942 |
_2ddc _cBK |
||
| 999 |
_c36394 _d36394 |
||